Návrh osvetlenia experimentov v online laboratóriu
Saved in:
| Main Author: | |
|---|---|
| Other Authors: | |
| Format: | Manuscript Book |
| Language: | Slovak |
| Published: |
2019
|
| Subjects: | |
| Online Access: | http://is.stuba.sk/zp/portal_zp.pl?podrobnosti=123460 |
| Tags: |
No Tags, Be the first to tag this record!
|
MARC
| LEADER | 00000ntm a22000003a 4500 | ||
|---|---|---|---|
| 001 | stuzp66953 | ||
| 003 | SK-STU | ||
| 005 | 20190904123123.2 | ||
| 007 | ta | ||
| 008 | 150427s2015----xo-----f-mn---000-0-slo-d | ||
| 040 | |a STU |b slo | ||
| 041 | 0 | |a slo | |
| 044 | |a xo | ||
| 100 | 1 | |a Varga, Michal |u 035000 |4 aut |U FEI Fakulta elektrotechniky a informatiky |T FEI Ústav informatiky a matematiky |X 74340 |U E050 |Y 816 |7 74340 | |
| 242 | 0 | 1 | |a Design of lighting for experiments in an online laboratory |y eng |
| 245 | 1 | 0 | |a Návrh osvetlenia experimentov v online laboratóriu |
| 260 | |c 2019 | ||
| 300 | |a 35 s., |b CD-ROM | ||
| 650 | 4 | |a NodeMCU |2 slo | |
| 650 | 4 | |a Raspberry Pi |2 slo | |
| 650 | 4 | |a LED |2 slo | |
| 650 | 4 | |a webová aplikácia |2 slo | |
| 650 | 4 | |a NodeMCU |2 eng | |
| 650 | 4 | |a Raspberry Pi |2 eng | |
| 650 | 4 | |a LED |2 eng | |
| 650 | 4 | |a web application |2 eng | |
| 700 | 1 | |a Žáková, Katarína |u 030400 |k Z1 |4 ths |U FEI Fakulta elektrotechniky a informatiky |T FEI Ústav automobilovej mechatroniky |X 4948 |U E400 |Y 642 |7 A000004948 | |
| 856 | 4 | |u http://is.stuba.sk/zp/portal_zp.pl?podrobnosti=123460 | |
| 996 | |b 284ER03088 |c E*Bc- 3088 |l EE35 |s P |a 0 |w stuzp66953_0001 | ||